00297nam a2200109Ia 4500008004000000082001600040100002500056245002600081260004500107300000800152650002700160210210b1978 xxu||||| |||| 00| 0 eng d a820.33 CHAF aCHAUDHURY (P C Roy). aFolk tales of Punjab. aN DbSterling Publishers Pvt Ltd.,c1978 a112 aFolk Tales of Punjab